Statistiche per Capitali del Mondo - America

Clicka qui per fare il quiz!

Statistiche generali

  • Questo quiz è stato fatto 299 volte
  • Il punteggio medio è 24 su 35

Statistiche sulle risposte

NazioneCapitale% Corretto
ArgentinaBuenos Aires
97%
Stati UnitiWashington
93%
CanadaOttawa
91%
UruguayMontevideo
89%
BrasileBrasilia
88%
CubaL'Avana
87%
ColombiaBogotà
83%
MessicoCittà del Messico
83%
PeruLima
83%
VenezuelaCaracas
80%
EcuadorQuito
80%
El SalvadorSan Salvador
80%
Repubblica DominicanaSanto Domingo
79%
CileSantiago del Cile
78%
GiamaicaKingston
77%
BoliviaLa Paz - Sucre
77%
PanamaPanama
77%
HaitiPort-au-Prince
68%
NicaraguaManagua
66%
Costa RicaSan José
66%
ParaguayAsunción
64%
BelizeBelmopan
61%
GuatemalaCittà del Guatemala
61%
HondurasTegucigalpa
59%
Trinidad e TobagoPort of Spain
57%
BahamasNassau
54%
GuyanaGeorgetown
53%
SurinameParamaribo
53%
Saint Kitts e NevisBasseterre
50%
DominicaRoseau
50%
BarbadosBridgetown
45%
Saint Vincent e GrenadineKingstown
45%
Saint LuciaCastries
44%
Antigua e BarbudaSaint John's
43%
GrenadaSaint George's
40%

Distribuzione punteggi

Percentile per numero di risposta

Percentuale di utenti per punteggio

I tuoi punteggi nel tempo

Non hai fatto questo quiz